La defaillance d'Etat

Αποθηκεύτηκε σε:
Λεπτομέρειες βιβλιογραφικής εγγραφής
Κύριος συγγραφέας: Pavlidis, Georgios
Μορφή: Βιβλίο
Γλώσσα:English
Δημοσίευση: Θεσσαλονίκη : Σάκκουλας, 2006
Θέματα:
Ετικέτες: Προσθήκη ετικέτας
Δεν υπάρχουν, Καταχωρήστε ετικέτα πρώτοι!

MARC

LEADER 00000cam a2200000 i 4500
001 1/26387
008 130225s2006 eng d
020 |a 978-960-445-138-8 
035 |l 10113823 
040 |a GR-MY-UA  |b gre  |e aacr 
041 0 |a eng 
082 0 |a 332.042  |2 (22) 
100 1 |a Pavlidis, Georgios. 
245 1 3 |a La defaillance d'Etat /  |c Georgios Pavlidis 
260 |a Θεσσαλονίκη :   |b Σάκκουλας,   |c 2006 
300 |a 360 σ.;  |c 24 εκ. 
504 |a Βιβλιογραφία: σ. 327-360 
650 0 0 |a International finance  |x Law and legislation. 
650 0 0 |a Financial institutions, International. 
650 0 0 |a Debts, Public. 
650 0 0 |a Financial crises. 
852 |a INST  |b RHODES  |e 20130225  |h 332.042 PAV  |p 005400034942  |q 005400034942  |t BK  |y 0 
901 |a BIBL4-2013-1 
909 |a Ρ  |b 176482 
922 |a 4ΕΛΗ 
970 |z 2013/02/25